Nani Palkhivala: (Record no. 206113)

MARC details
000 -LEADER
fixed length control field 00632nam a22001937a 4500
005 - DATE AND TIME OF LATEST TRANSACTION
control field 20241004144028.0
010 ## - LCCN (DPL NO)
LC control number ENG-141903
020 ## - INTERNATIONAL STANDARD BOOK NUMBER
International Standard Book Number 9789395116411
Terms of availability 895.00
035 ## - SYSTEM CONTROL NUMBER
System control number EN-125435
037 ## - SOURCE OF ACQUISITION
Stock number DBAD
082 ## - DEWEY DECIMAL CLASSIFICATION NUMBER
Edition number 1
245 ## - TITLE STATEMENT
Title Nani Palkhivala:
Remainder of title Early Writings (1937-1947)/
Statement of responsibility, etc Edited by Rashmi Palkhivala
260 ## - PUBLICATION, DISTRIBUTION, ETC. (IMPRINT)
Place of publication, distribution, etc Gurgaon
Name of publisher, distributor, etc LexisNexis
Date of publication, distribution, etc 2012(repr.)
270 ## - ADDRESS
Address 14th Floor Building No.10, Tower-B, DLF Cyber City, Phase-II,
City Gurgaon
Postal code 122002
300 ## - PHYSICAL DESCRIPTION
Extent xxxv,449p.
Dimensions 22cm(hb)
500 ## - GENERAL NOTE
General note Includes index
700 ## - ADDED ENTRY--PERSONAL NAME
Personal name Palkhivala, Rashmi
Relator term Editor
9 (RLIN) 72387
942 ## - ADDED ENTRY ELEMENTS (KOHA)
Source of classification or shelving scheme Dewey Decimal Classification
Item type English Books
Call number suffix NAN
Classification part 349.54
Holdings
Withdrawn status Lost status Not for loan Collection code Home library Current library Date acquired Source of acquisition Cost, normal purchase price Full call number Barcode Copy number Cost, replacement price Koha item type
      Non-fiction Central Library Central Library 04/10/2024 Delivery of Books Act Division 895.00 NAN 349.54 EN-125435 1 895.00 English Books

© Delhi Public Library
Hit Counter
free hit counter